00813nam a2200193 i 4500001000700000003000900007005001700016008004100033040003000074100004100104245010900145246002100254260007200275300005000347490006100397650003900458830005800497852006400555167617ES-MaACL20250824202554.0981203s1873 sp fh |||| | spa d aCCPB | B bspa cCCPB | B1 aVillegas, Alonso de, d1534-ca. 161510aComedia llamada selvagia / ccompuesto por Alonso de Villegas Selvagob. Comedia serafina / [anónimo].10aComedia serafina aMadrid : b[s.n.], c1873 (fImp. y estereotipia de M. Rivadeneyra) aXVI, XIV, 402 p., [1] h. de lám. ; c18 cm.1 aColección de libros españoles raros o curiosos ; v5 4aComedias españolas-yS.XVI-XVII.00aColección de libros españoles raros o curiososv5 aES-MaACLjR-2170-91 z- Enc. hol. x- Olim: G-13954.